Dinge mit H - Statistiken

Allgemein
  • Dieses Quiz wurde 118 mal gespielt
  • Das Durchschnittsergebnis liegt bei 21 aus 32
Antwortstatistiken
Bildquiz Antwort % Korrekt
Helikopter
97%
Hamburg
96%
Hängematte
95%
Heißluftballon
93%
Herbst
91%
Haare
90%
Heinz
90%
Hebamme
88%
Hummel
88%
Hunger
88%
Hagel
87%
Hello Kitty
87%
Hagebutte
81%
Hefe
81%
Haselnüsse
78%
Himmelbett
78%
Hecht
77%
Horoskop
73%
Holunder
66%
Hogwarts
62%
Hermelin
61%
Hornbach
60%
Howard Carpendale
55%
Helgoland
52%
Halfter
49%
Hanni und Nanni
49%
Hutmacher
40%
Heiner Lauterbach
38%
Honeypuu
28%
Hans Christian Andersen
13%
Hohenzollernbrücke
13%
Halsbandpekari
4%
Keine übereinstimmenden Quizze gefunden
Verteilung der Resultate
Anzahl Personen mit jedem Resultat
Perzentil nach korrekt beantworteten Fragen
Ihre Resultats-Entwicklung
Sie haben dieses Quiz noch nicht gespielt